LDR 00578naa#a2200169#i#450# 001 EN\\bibl\126489 005 20260701161749.3 011 ## _a2949-1258 100 ## _a20260622b2026####ek#y0engy0150####ca 102 ## _aRU 200 1# _aOn the relationship between constitutional and family law in the field of human reproductive rights _eJournal article 210 1# _aVladivostok _cVladivostok State University _d2026 215 ## _a15 с. 608 ## _aJournal article _2local 675 ## _aПраво. Юридические науки. 34 _z 700 #1 _aPurge _gAnna Rolandovna 856 4# _avvgu.editorum.ru _u